| 000 | 00418 a2200169 4500 | ||
|---|---|---|---|
| 003 | Nust | ||
| 005 | 20170207164424.0 | ||
| 020 | _a1-58053-796-0 | ||
| 040 | _cNust | ||
| 082 | _a621.382 | ||
| 100 | _aPrasad, Ramjee | ||
| 245 |
_aOFDM for wireless communications systems (E BOOK) _cRamjee Prasad |
||
| 260 |
_aBoston _bArtech House _c2004 |
||
| 300 | _a291p | ||
| 538 | _aE Book | ||
| 650 | _aTelecommunication engineering. | ||
| 942 |
_2ddc _cBK |
||
| 999 |
_c208925 _d208925 |
||